| 000 | 00380cam a2200157ua 4500 | ||
|---|---|---|---|
| 041 |
_aeng _h |
||
| 082 |
_a823.208 _bGUG/TO |
||
| 100 | _aHugo, Victor . | ||
| 245 |
_aToilers of the sea / _cVictor Hugo. _hTextual Documents |
||
| 250 |
_a1 / _b. |
||
| 260 |
_aLondon : _bJ M Dent and Sons Ltd , _c1961. |
||
| 300 | _a368 ; . | ||
| 504 | _a | ||
| 942 | _cBK | ||
| 999 |
_c7856 _d7856 |
||